Maximum city : (Record no. 618)

000 -LEADER
fixed length control field 01513nam a22003977a 4500
001 - CONTROL NUMBER
control field 13657551
003 - CONTROL NUMBER IDENTIFIER
control field OSt
005 - DATE AND TIME OF LATEST TRANSACTION
control field 20210421055905.0
008 - FIXED-LENGTH DATA ELEMENTS--GENERAL INFORMATION
fixed length control field 040716s2004 nyu 000 0deng
010 ## - LIBRARY OF CONGRESS CONTROL NUMBER
LC control number 2004048969
020 ## - INTERNATIONAL STANDARD BOOK NUMBER
International Standard Book Number 0375403728
040 ## - CATALOGING SOURCE
Original cataloging agency eng
Transcribing agency DLC
Modifying agency eng
041 ## - LANGUAGE CODE
Language code of text/sound track or separate title eng
042 ## - AUTHENTICATION CODE
Authentication code pcc
043 ## - GEOGRAPHIC AREA CODE
Geographic area code a-ii---
050 00 - LIBRARY OF CONGRESS CALL NUMBER
Classification number DS486.B7
Item number M42 2004
080 ## - UNIVERSAL DECIMAL CLASSIFICATION NUMBER
Universal Decimal Classification number 821.111
Item number M-49
082 00 - DEWEY DECIMAL CLASSIFICATION NUMBER
Classification number 954/.79205
Edition number 22
100 1# - MAIN ENTRY--PERSONAL NAME
Personal name Mehta, Suketu.
245 10 - TITLE STATEMENT
Title Maximum city :
Remainder of title Bombay lost and found /
Statement of responsibility, etc. Suketu Mehta.
250 ## - EDITION STATEMENT
Edition statement 1st ed.
260 ## - PUBLICATION, DISTRIBUTION, ETC.
Place of publication, distribution, etc. New York :
Name of publisher, distributor, etc. Alfred A. Knopf,
Date of publication, distribution, etc. 2004.
300 ## - PHYSICAL DESCRIPTION
Extent xii, 542 p. ;
Dimensions 25 cm.
365 ## - TRADE PRICE
Price amount 27.95 usd
600 10 - SUBJECT ADDED ENTRY--PERSONAL NAME
Personal name Mehta, Suketu
General subdivision Travel
Geographic subdivision India
-- Mumbai.
650 #0 - SUBJECT ADDED ENTRY--TOPICAL TERM
9 (RLIN) 254
Topical term or geographic name entry element English literature
651 #0 - SUBJECT ADDED ENTRY--GEOGRAPHIC NAME
Geographic name Mumbai (India)
General subdivision Description and travel.
653 ## - INDEX TERM--UNCONTROLLED
Uncontrolled term ინგლისური ლიტერატურა
653 ## - INDEX TERM--UNCONTROLLED
Uncontrolled term მუმბაი
856 42 - ELECTRONIC LOCATION AND ACCESS
Materials specified Contributor biographical information
Uniform Resource Identifier <a href="http://www.loc.gov/catdir/bios/random051/2004048969.html">http://www.loc.gov/catdir/bios/random051/2004048969.html</a>
856 41 - ELECTRONIC LOCATION AND ACCESS
Materials specified Sample text
Uniform Resource Identifier <a href="http://www.loc.gov/catdir/samples/random051/2004048969.html">http://www.loc.gov/catdir/samples/random051/2004048969.html</a>
856 42 - ELECTRONIC LOCATION AND ACCESS
Materials specified Publisher description
Uniform Resource Identifier <a href="http://www.loc.gov/catdir/description/random051/2004048969.html">http://www.loc.gov/catdir/description/random051/2004048969.html</a>
906 ## - LOCAL DATA ELEMENT F, LDF (RLIN)
a 7
b cbc
c orignew
d 1
e ocip
f 20
g y-gencatlg
942 ## - ADDED ENTRY ELEMENTS (KOHA)
Source of classification or shelving scheme
Koha item type Books
Edition 1
Holdings
Withdrawn status Lost status Source of classification or shelving scheme Damaged status Not for loan Permanent location Current location Date acquired Inventory number Total Checkouts Full call number Barcode Date last seen Price effective from Koha item type
          Ken Walker International University Ken Walker International University 12/14/2020 431   821.111 M-49 431 12/14/2020 12/14/2020 Books

Powered by Koha